<?xml version="1.0" encoding="UTF-8"?>
<collection xmlns="http://www.loc.gov/MARC21/slim">
 <record>
  <leader>     na                 </leader>
  <controlfield tag="001">INLIS000000000693616</controlfield>
  <controlfield tag="005">20210830101511</controlfield>
  <datafield tag="035" ind1=" " ind2=" ">
   <subfield code="a">0010-0821000094</subfield>
  </datafield>
  <controlfield tag="007">ta</controlfield>
  <controlfield tag="008">210830                g          0 ind  </controlfield>
  <datafield tag="040" ind1=" " ind2=" ">
   <subfield code="a">JIPUBAY</subfield>
  </datafield>
  <datafield tag="100" ind1="0" ind2=" ">
   <subfield code="a">Hasan basri</subfield>
  </datafield>
  <datafield tag="245" ind1="1" ind2=" ">
   <subfield code="a">Mudah belajar bahasa Inggris lewat teks terjemahan /</subfield>
   <subfield code="c">Hasan basri, S.Pd.,M.A.</subfield>
  </datafield>
  <datafield tag="250" ind1=" " ind2=" ">
   <subfield code="a">cet. 1</subfield>
  </datafield>
  <datafield tag="300" ind1=" " ind2=" ">
   <subfield code="a">200 hlm. ;</subfield>
   <subfield code="c">20 cm.</subfield>
  </datafield>
  <datafield tag="020" ind1=" " ind2=" ">
   <subfield code="a">978-623-6564-40-0</subfield>
  </datafield>
  <datafield tag="082" ind1=" " ind2=" ">
   <subfield code="a">420.7</subfield>
  </datafield>
  <datafield tag="084" ind1=" " ind2=" ">
   <subfield code="a">420.7 HAS m</subfield>
  </datafield>
  <datafield tag="260" ind1=" " ind2=" ">
   <subfield code="a">Yogyakarta :</subfield>
   <subfield code="b">Noktah,</subfield>
   <subfield code="c">2020</subfield>
  </datafield>
  <datafield tag="500" ind1=" " ind2=" ">
   <subfield code="a">Kemampuan memahami teks termasuk salah satu goal yang ingin dicapai oleh banyak orang yang belajar bahasa Inggris. Pemahaman tersebut tidak sebatas pada kata per kata atau frasa per frasa, tetapi pemahaman terhadap teks secara menyeluruh.Untuk mencapai goal tersebut, diperlukan praktik sesering mungkin dengan membaca teks dan mempelajarinya. Buku ini mengajak Anda berselancar dan belajar bahasa Inggris lewat beragam teks bacaan yang dilengkapi dengan pembahasan kosakata, terjemah, dan pengetahuan lainnya.Buku ini sangat tepat untuk meningkatkan pemahaman Anda terhadap teks berbahasa Inggris. Ragam tema mulai ekonomi, politik, sosial, pariwisata, hingga sejarah tidak hanya mampu meningkatkan keterampilan bahasa Inggris Anda, tetapi juga menambah pengetahuan.</subfield>
  </datafield>
  <datafield tag="650" ind1=" " ind2="4">
   <subfield code="a">Pendidikan</subfield>
  </datafield>
  <datafield tag="850" ind1=" " ind2=" ">
   <subfield code="a">JIPUBAY</subfield>
  </datafield>
  <datafield tag="990" ind1=" " ind2=" ">
   <subfield code="a">504379/DPKBWI/2021</subfield>
  </datafield>
  <datafield tag="990" ind1=" " ind2=" ">
   <subfield code="a">504380/DPKBWI/2021</subfield>
  </datafield>
  <datafield tag="990" ind1=" " ind2=" ">
   <subfield code="a">504381/DPKBWI/2021</subfield>
  </datafield>
 </record>
</collection>
